书目信息 |
| 题名: |
儿童的乐园
|
|
| 作者: | 李生兰 著 | |
| 分册: | ||
| 出版信息: | 南京 南京师范大学出版社 2011 |
|
| 页数: | 295页 | |
| 开本: | 26cm | |
| 丛书名: | 当代国外学前教育大视野丛书 | |
| 单 册: | ||
| 中图分类: | G619.712 | |
| 科图分类: | ||
| 主题词: | 学前教育--研究--美国 | |
| 电子资源: | ||
| ISBN: | 978-7-5651-0320-9 | |
| 000 | 01171nam0 2200265 450 | |
| 001 | 1548929845 | |
| 005 | 20150125133444.67 | |
| 010 | @a978-7-5651-0320-9@dCNY38.80 | |
| 100 | @a20110601d2011 em y0chiy50 ea | |
| 101 | 0 | @achi |
| 102 | @aCN@b320000 | |
| 105 | @aa z 000yy | |
| 200 | 1 | @a儿童的乐园@9er tong de le yuan@dParadise of children@e走进21世纪的美国学前教育@eintroduction to American preschool education in the 21st century@f李生兰著@zeng |
| 210 | @a南京@c南京师范大学出版社@d2011 | |
| 215 | @a295页@c图@d26cm | |
| 225 | 1 | @a当代国外学前教育大视野丛书 |
| 330 | @a本书主要研究了美国学前教育机构的类型与规模、美国学前教育机构的目的与目标、美国学前教育机构的环境与创设、美国学前教育机构的活动与实施、美国学前教育机构与社区的共育等。 | |
| 461 | 0 | @12001 @a当代国外学前教育大视野丛书 |
| 510 | 1 | @aParadise of children@eintroduction to American preschool education in the 21st century@zeng |
| 517 | 1 | @a走进21世纪的美国学前教育@9zou jin 21 shi ji de mei guo xue qian jiao yu |
| 606 | 0 | @a学前教育@x研究@y美国 |
| 690 | @aG619.712@v5 | |
| 701 | 0 | @a李生兰@9li sheng lan@c(女,@f1961~)@4著 |
| 801 | 0 | @aCN@bTSSF@c20150125 |
| 905 | @aZUCC@dG619.712@eJY1 | |
| 儿童的乐园=Paradise of children:走进21世纪的美国学前教育:introduction to American preschool education in the 21st century/李生兰著.-南京:南京师范大学出版社,2011 |
| 295页:图;26cm.-(当代国外学前教育大视野丛书) |
| ISBN 978-7-5651-0320-9:CNY38.80 |
| 本书主要研究了美国学前教育机构的类型与规模、美国学前教育机构的目的与目标、美国学前教育机构的环境与创设、美国学前教育机构的活动与实施、美国学前教育机构与社区的共育等。 |
| ● |
| 相关链接 |
|
|
|
|
正题名:儿童的乐园
索取号:G619.712/JY1
 
预约/预借
| 序号 | 登录号 | 条形码 | 馆藏地/架位号 | 状态 | 备注 |
| 1 | 7844789 | 278447897 | 学院路分馆/ [索取号:G619.712/JY1] | 在馆 | |
| 2 | 7846487 | 278464877 | 学院路分馆/ [索取号:G619.712/JY1] | 在馆 |